Developers taking advantage of filling station decline (Record no. 65250)
[ view plain ]
| 000 -LEADER | |
|---|---|
| fixed length control field | 01398cam a2200265 4500 |
| 001 - CONTROL NUMBER | |
| control field | ABS63144 |
| 008 - FIXED-LENGTH DATA ELEMENTS--GENERAL INFORMATION | |
| fixed length control field | 000000n2000 000 0 eng u |
| 035 ## - SYSTEM CONTROL NUMBER | |
| System control number | (Sirsi) u109322 |
| 100 ## - MAIN ENTRY--PERSONAL NAME | |
| Personal name | Lipfriend, D |
| 245 ## - TITLE STATEMENT | |
| Title | Developers taking advantage of filling station decline |
| 260 ## - PUBLICATION, DISTRIBUTION, ETC. | |
| Date of publication, distribution, etc. | 2000 |
| 490 ## - SERIES STATEMENT | |
| Series statement | Property Forecast |
| Volume/sequential designation | 3(11) November 2000, 2-3(2) |
| 520 ## - SUMMARY, ETC. | |
| Summary, etc. | Discusses the decline of petrol filling stations, and their potential as prime development and investment sites. Suggests that the recent fuel blockade has heightened an existing crisis for filling stations which began in the Eighties. Competition from supermarkets and motorway services has led to the closure of filling stations in urban and rural areas; a decline from just under 25,000 in 1982 to 13,000 in 1999. Increasing closures threaten family businesses and local communities. One option for struggling filling stations is to sell up, and those occupying prime space have managed to fetch significant sums as development sites with planning permission for housing. |
| 590 ## - LOCAL NOTE (RLIN) | |
| Local note | ABS |
| 650 ## - SUBJECT ADDED ENTRY--TOPICAL TERM | |
| Topical term or geographic name entry element | PETROL FILLING STATIONS |
| 650 ## - SUBJECT ADDED ENTRY--TOPICAL TERM | |
| Topical term or geographic name entry element | FUEL CRISIS |
| 650 ## - SUBJECT ADDED ENTRY--TOPICAL TERM | |
| Topical term or geographic name entry element | COMPETITION |
| 650 ## - SUBJECT ADDED ENTRY--TOPICAL TERM | |
| Topical term or geographic name entry element | SUPERMARKETS |
| 650 ## - SUBJECT ADDED ENTRY--TOPICAL TERM | |
| Topical term or geographic name entry element | MOTORWAY SERVICE AREAS |
| 650 ## - SUBJECT ADDED ENTRY--TOPICAL TERM | |
| Topical term or geographic name entry element | BROWNFIELD SITES |
| 650 ## - SUBJECT ADDED ENTRY--TOPICAL TERM | |
| Topical term or geographic name entry element | REDEVELOPMENT |
| 650 ## - SUBJECT ADDED ENTRY--TOPICAL TERM | |
| Topical term or geographic name entry element | PETROL RETAILING |
| 690 ## - LOCAL SUBJECT ADDED ENTRY--TOPICAL TERM (OCLC, RLIN) | |
| Topical term or geographic name as entry element | PROPERTY-COMMERCIAL PROPERTY-RETAIL PROPERTY |
| 942 ## - ADDED ENTRY ELEMENTS (KOHA) | |
| Suppress in OPAC | 0 |
| Withdrawn status | Lost status | Source of classification or shelving scheme | Damaged status | Not for loan | Home library | Current library | Shelving location | Date acquired | Total Checkouts | Full call number | Barcode | Date last seen | Copy number | Price effective from | Koha item type |
|---|---|---|---|---|---|---|---|---|---|---|---|---|---|---|---|
| Dewey Decimal Classification | London | London | Journal article | 14/11/2000 | ABS63144 | 109322-1001 | 06/08/2019 | 1 | 06/08/2019 | Journal article |